| 000 | 00566 a2200193 4500 | ||
|---|---|---|---|
| 003 | Nust | ||
| 005 | 20230504123513.0 | ||
| 010 | _a55011758 | ||
| 040 | _cNust | ||
| 082 | _a629.8323,VAL | ||
| 100 |
_aVan Valkenburgh, _9112099 |
||
| 245 |
_aBasic synchros and servomechanisms in Two parts / _cVan Valkenburgh, Nooger & Neville |
||
| 250 | _aPart.1 & Part.2 | ||
| 260 |
_aJ.F.Rider Publisher _bNew York, _c1955 |
||
| 300 |
_a111 p _billus _e24 cm |
||
| 600 |
_aVan Valkenburgh, _9112099 |
||
| 650 |
_aBasic synchros and servomechanisms _9112100 |
||
| 942 |
_2ddc _cBK |
||
| 999 |
_c183953 _d183953 |
||